|
|
|
|
| LEADER |
00000nab a2200000 a 4500 |
| 001 |
vtls010075807 |
| 003 |
SK-MaSNL |
| 005 |
20260304160009.0 |
| 008 |
250507c1974 xo |r|p|||||||000 b|slo |
| 015 |
|
|
|a SNBRB1974
|
| 035 |
|
|
|a (uuid)c5b43c0f-2f3c-4d4c-b19f-86de86f11246
|
| 035 |
|
|
|a urn:nbn:sk:snk-abdrsf
|
| 035 |
|
|
|a (urnnbn)urn:nbn:sk:snk:ar-000s8o
|
| 038 |
|
|
|a SNKBUCL
|
| 040 |
|
|
|a SNKBUCL
|b slo
|c SNKBUCL
|e AACR2
|
| 041 |
0 |
|
|a slo
|
| 044 |
|
|
|a xo
|c SK
|
| 080 |
|
|
|a 792.071.2
|2 2001
|
| 100 |
1 |
|
|a Rosenberg, Slavo
|4 aut
|4 ivr
|9 943662
|
| 245 |
1 |
0 |
|a Spokojný s tým, že je nespokojný
|c Slavo Rosenberg, Vladimír Bartoň
|
| 300 |
|
|
|b Obr.
|
| 600 |
1 |
7 |
|a Bartoň, Vladimír,
|d 1948-2018
|2 snkbucl
|9 168304
|
| 655 |
|
7 |
|a rozhovory
|2 snkbucl
|9 31831
|
| 700 |
1 |
|
|a Bartoň, Vladimír,
|d 1948-2018
|4 aut
|9 168304
|
| 773 |
0 |
|
|t Film a divadlo
|g Roč. 18, č. 23 (1974), s. 18-21
|
| 850 |
|
|
|a Slovenská národná knižnica
|
| 852 |
|
|
|a Slovenská národná knižnica
|
| 954 |
|
|
|a odborná, vedecká literatúra pôvodná (slovenská)
|2 lita
|
| 958 |
|
|
|a article19
|
| 958 |
|
|
|a OND
|
| 958 |
|
|
|a BX
|
| 958 |
|
|
|a EUIPO
|
| 999 |
|
|
|c 2964980
|d 2966910
|